| Tag |
First Indicator |
Second Indicator |
Subfields |
| LEADER |
00000cam a22000001a 4500 |
| 001 |
in00003371921 |
| 006 |
m d f |
| 007 |
cr bn mmmapmmp |
| 008 |
100727s2001 dcu o f000 0 eng d |
| 005 |
20260429181206.3 |
| 035 |
|
|
|a cis2007897719
|
| 040 |
|
|
|a ProQuest
|c ProQuest
|d UtOrBLW
|
| 043 |
|
|
|a n-us---
|
| 099 |
|
|
|a CRS-2001-RSI-0284
|
| 110 |
2 |
|
|a Library of Congress.
|b Congressional Research Service.
|
| 245 |
1 |
0 |
|a Automobile and Light Truck Fuel Economy :
|b Is CAFE Up to Standards.
|
| 264 |
|
1 |
|a [Place of publication not identified] :
|b [publisher not identified],
|c 2001.
|
| 300 |
|
|
|a 1 online resource.
|
| 336 |
|
|
|a text
|b txt
|2 rdacontent
|
| 337 |
|
|
|a computer
|b c
|2 rdamedia
|
| 338 |
|
|
|a online resource
|b cr
|2 rdacarrier
|
| 500 |
|
|
|a Record is based on bibliographic data in ProQuest U.S. Congressional Research Digital Collection (last viewed July 2010). Reuse except for individual research requires license from ProQuest, LLC.
|
| 500 |
|
|
|a CRS Report.
|
| 520 |
|
|
|a Provides background on corporate average fuel economy (CAFE) standards, which requires automobiles and light trucks to meet specified fuel economy standards for each model year. Examines CAFE standards in the context of Kyoto Protocol and the rise in use of trucks and sport utility vehicles, reviews policy options to improve fuel economy, and summarizes current legislation on CAFE standards.
|
| 500 |
|
|
|a Electronic resource.
|
| 650 |
|
0 |
|a Automobiles.
|
| 650 |
|
0 |
|a Petroleum conservation.
|
| 650 |
|
0 |
|a Trucking.
|
| 655 |
|
7 |
|a Electronic books.
|2 local
|
| 710 |
2 |
|
|a ProQuest (Firm)
|
| 776 |
0 |
8 |
|i Microfiche version:
|a Library of Congress. Congressional Research Service.
|t Automobile and Light Truck Fuel Economy
|
| 830 |
|
0 |
|a U.S. Congressional Research.
|
| 856 |
4 |
0 |
|u http://proxy.library.tamu.edu/login?url=https://congressional.proquest.com/congcomp/getdoc?CRDC-ID=CRS-2001-RSI-0284
|z Connect to the full text of this electronic book
|t 0
|
| 999 |
|
|
|a MARS
|
| 999 |
f |
f |
|s 9619fe79-ddd2-3ef9-802c-e7bb2af7ea3e
|i 0efeeaee-e91d-3c02-97fd-5c16fba24531
|t 0
|
| 952 |
f |
f |
|a Texas A&M University
|b College Station
|c Electronic Resources
|s www_evans
|d Available Online
|t 0
|e CRS-2001-RSI-0284
|h Other scheme
|
| 998 |
f |
f |
|a CRS-2001-RSI-0284
|t 0
|l Available Online
|